00800nam a2200229 i 4500001000300000100002000003245015300023260002300176650002400199650001300223655002600236700003600262700002100298040000800319041000800327080002300335942000700358008004100365999001700406856009800423952004900521bg1 aCzech, Michał.00aMechanika techniczna w przykładach i zadaniach.nT. 2.pDynamika i drgania.nCz. 1,pDrgania /cMichał Czech, Anatoliusz Jakowluk, Jerzy Kołybko. aBiałystok,c1981. 9aMechanika stosowana 9adynamika aĆwiczenia i zadania1 aJakowluk, Anatoliuszd(1929- ).1 aKołybko, Jerzy. cBPK apol a621.01:531](075.8) cKS s pl f |000 0 pol  c20516d20516 uhttp://koha.tu.koszalin.pl/cgi-bin/koha/opac-detail.pl?biblionumber=20516yKatalog online BPK 00104070aBPKbBPKcwo28911p01174700yKS